[Event "Rallar op"]
[Site "Narvik"]
[Date "2005.04.16"]
[Round "3"]
[White "Jakobsen, Havard U"]
[Black "Pedersen, Audun"]
[Result "0-1"]
[WhiteElo "1200"]
[BlackElo "1709"]
[PlyCount "88"]
[EventDate "2005.04.15"]
[EventType "swiss"]
[EventRounds "5"]
[EventCountry "NOR"]
[SourceTitle "EXT 2007"]
[Source "ChessBase"]
[SourceDate "2006.11.23"]
[SourceVersion "1"]
[SourceVersionDate "2006.11.23"]
[SourceQuality "1"]

1. e4 e6 2. d4 d5 3. exd5 exd5 4. Bd3 Nc6 5. c3 Bd6 6. Ne2 Qh4 7. Ng3 Nge7 8. Nd2 Bg4 9. Be2 f5 10. Nf3 Qf6 11. h3 Bxg3 12. fxg3 Bh5 13. Bf4 0-0-0 14. Ne5 Bxe2 15. Qxe2 Rde8 16. 0-0 h6 17. Nxc6 Nxc6 18. Qf3 Re4 19. Bd2 Rf8 20. Rae1 Qe6 21. b3 g5 22. Rxe4 dxe4 23. Qe3 Qd5 24. h4 Rg8 25. Qf2 Ne7 26. c4 Qf7 27. d5 b6 28. Bb4 gxh4 29. gxh4 Kb8 30. d6 Nc6 31. dxc7+ Kxc7 32. Qf4+ Kb7 33. Bc3 Qg6 34. Rf2 Rf8 35. Rd2 Rd8 36. Kf2 Rxd2+ 37. Bxd2 h5 38. Bc3 Qe6 39. Ke3 Qd7 40. Ke2 Qd3+ 41. Kf2 Qxc3 42. Qxf5 Qd2+ 43. Kf1 e3 44. Qxh5 Qf2# 0-1

[Event "Rallar op"]
[Site "Narvik"]
[Date "2005.04.16"]
[Round "2"]
[White "Jakobsen, Havard U"]
[Black "Zhuravlev, Sergey"]
[Result "0-1"]
[WhiteElo "1200"]
[BlackElo "1926"]
[PlyCount "100"]
[EventDate "2005.04.15"]
[EventType "swiss"]
[EventRounds "5"]
[EventCountry "NOR"]
[SourceTitle "EXT 2007"]
[Source "ChessBase"]
[SourceDate "2006.11.23"]
[SourceVersion "1"]
[SourceVersionDate "2006.11.23"]
[SourceQuality "1"]

1. e4 c5 2. Nf3 Nc6 3. Be2 g6 4. 0-0 Bg7 5. c3 Nf6 6. d3 0-0 7. Be3 d6 8. h3 b5 9. Qd2 Rb8 10. Bh6 b4 11. Bxg7 Kxg7 12. Qc2 Qa5 13. Nbd2 Ba6 14. c4 Bc8 15. b3 Nh5 16. Qb2+ e5 17. Rfe1 Qd8 18. Nf1 Nf4 19. Ne3 Be6 20. Kh2 Nd4 21. Nxd4 exd4 22. Nf1 Bxh3 23. g3 Bxf1 24. Rxf1 Ne6 25. Qd2 g5 26. Kg2 Qf6 27. Rh1 h6 28. Rh2 Rh8 29. Rah1 a5 30. Qd1 Ra8 31. Bf3 Ra7 32. Bg4 Qe7 33. Bf5 Qe8 34. Qe2 a4 35. e5 axb3 36. axb3 Ra3 37. Rb1 Qe7 38. Qb2 dxe5 39. Qe2 Qf6 40. Qe4 Ra2 41. Rhh1 h5 42. Rhe1 h4 43. Qf3 hxg3 44. Kxg3 Nf4 45. Bg4 Nxd3 46. Qxf6+ Kxf6 47. Rf1 e4 48. Bd1 Ke5 49. Bg4 f5 50. Bd1 Nf4 0-1